Honda Car Quiz - Statistics

General Stats
  • This quiz has been taken 88 times
  • The average score is 6 of 15
Answer Stats
Hint Answer % Correct
Sedan Civic
97%
SUV CR-V
89%
Compact SUV HR-V
70%
MPV Odyssey
52%
SUV Pilot
49%
Sedan City
38%
XUV Passport
37%
Hatchback Fit
36%
Hatchback Jazz
33%
SUV ZR-V
21%
Mini MPV Freed
19%
Sedan Amaze
14%
Compact SUV Vezel
10%
MPV Stepwagon
8%
Hatchback Life
7%
No matching quizzes found
Score Distribution
Percent of People with Each Score
Percentile by Number Answered
Your Score History
You have not taken this quiz